fast and furious 7 trivia - Statistics

General Stats
  • This quiz has been taken 1,130 times
  • The average score is 9 of 15
Answer Stats
Hint Answer % Correct
who ran up a falling bus and was saved by #2 brian
85%
who said " it all came back to me like a flood" letty
81%
who is expecting her second child mia
81%
who is the end of the film a tribute to paul walker
81%
who comes close to dieing dom
79%
what is the name of the final song see you again
76%
who is the brother of owen shaw deckard
75%
who breaks out of his cast to help hobbs
74%
who created gods eye ramsey
71%
who impresses #3 with his fighting skills tej
69%
whats the name of the young son jack
42%
who has a mutral friend of dom mr nobody
30%
who chickens out on his own plan rome
27%
which 2 people do rock, paper, sissers over #3 tej and rome
15%
who is now #8 collegue alaina
2%
No matching quizzes found
Score Distribution
Percent of People with Each Score
Percentile by Number Answered
Your Score History
You have not taken this quiz